000 02493nab a2200277 a 4500
005 20250116063856.0
008 991125c2016 sp fr p o 000 0 spa d
035 _aUPN01000215093
040 _aUPN
_bspa
_cUPN
_eaacr2
049 _aART-E
100 1 _aValero, Ximo
_6- ximo@auca.es
245 1 0 _aAuca Projectes Educatius: la gestión de proyectos socioculturales desde la iniciativa empresarial
506 0 _aAcceso abierto
520 3 _aAUCA PROJECTES EDUCATIUS es una empresa de actividades educativas y servicios socioculturales fundada en 2003 y que actualmente cuenta con sedes operativas en las provincias de Alicante y Valencia. Durante estos más de 10 años de prestación de servicios, los profesionales de los diferentes equipos de trabajo han gestionado múltiples intervenciones socioeducativas enmarcadas en distintos ámbitos de actuación (social, cultural, educativo, formativo,…) siendo dirigidas a todos los sectores de la población (jóvenes, adultos, niños, 3ª edad, mujer, población inmigrante, colectivos con necesidades educativas especiales,…) con un común denominador: cada vez que se ha planteado la realización de un taller extraescolar, una visita guiada, un curso de formación, un programa de absentismo escolar, la dinamización de un equipamiento sociocultural o cualquier actividad, por pequeña y en apariencia intranscendente que sea, siempre se ha hecho tratando de alcanzar unos niveles óptimos de CALIDAD (técnica, procedimental, responsable, sostenible, pedagógica). Los valores propios de su génesis asociativa (el compromiso, el sentido de la responsabilidad, la coherencia, la capacidad de trabajar en grupo, el entusiasmo, el respeto a la diversidad, la empatía, el talante positivo y emprendedor,…) se han exportado tanto a la planificación de proyectos como al modelo de gestión propio de una empresa y por extensión a los fines últimos planteados como entidad prestadora de servicios en el ámbito de la animación sociocultural
650 2 _aAnimación sociocultural
_91050
650 2 _aParticipación social
_927
650 4 _aPensamiento crítico
_95620
650 4 _aEducación
_9682
653 0 _aTransformación social
653 0 _aEmpresa
773 _gAño 9, no. 20 (2016), p. 18-25
_tHekademos : revista educativa digital
_x1989-3558
856 4 _uhttp://www.hekademos.com/hekademos/media/articulos/20/Hekademos_20.pdf
902 _aGloria Jiménez/091224
905 _aArticulo
942 _cART-E
999 _c187193
_d187193